Foundations of probability and statistics
Αποθηκεύτηκε σε:
| Κύριος συγγραφέας: | |
|---|---|
| Μορφή: | Βιβλίο |
| Γλώσσα: | English |
| Δημοσίευση: |
Fort Worth :
Saunders College Pub.,
c1993
|
| Θέματα: | |
| Ετικέτες: |
Προσθήκη ετικέτας
Δεν υπάρχουν, Καταχωρήστε ετικέτα πρώτοι!
|
MARC
| LEADER | 00000nam a2200000 i 4500 | ||
|---|---|---|---|
| 001 | 1/76281 | ||
| 008 | 990505s1993 eng d | ||
| 020 | |a 0-03-071806-6 | ||
| 035 | |l 10049561 | ||
| 040 | |a GR-MY-UA |b gre |e aacr | ||
| 041 | 0 | |a eng | |
| 082 | 0 | |a 519.2 | |
| 100 | 1 | |a Rinaman, William C. | |
| 245 | 1 | 0 | |a Foundations of probability and statistics / |c William C. Rinaman |
| 260 | |a Fort Worth : |b Saunders College Pub., |c c1993 | ||
| 300 | |a xii, 690 p.; |b ill.; |c 25 cm. | ||
| 500 | |a Includes bibliographical references and index | ||
| 650 | 0 | 0 | |a Probabilities. |
| 650 | 0 | 0 | |a Mathematical statistics. |
| 852 | |a INST |b SAMOS |e 19990505 |h 519.2 RIN |p 005300014927 |q 005300014927 |t BK |y 0 | ||
| 901 | |a BIBL-1999-2 | ||
| 909 | |a Σ |b 064775 | ||
| 922 | |a 3ΕΛΗ |b 199903 |c ΚΠΣ |d GLORY | ||